000 00747nam a2200277Ia 4500
005 20260324112013.0
008 008 260324s9999 xx 000 0 eng d
020 _a9781003320876
037 _aEBOOK
040 _aCRL
040 _beng
040 _cCRL
041 _2eng
041 _aeng
084 _qCRL
100 _aHenri Myrttinen; Elizabeth Laruni; ChloƩ Lewis; Philipp Schulz; Heleen Touquet; Farooq Yousaf
_91140907
245 0 _aRoutledge Handbook of Masculinities, Conflict, and Peacebuilding
260 _bTaylor and Francis
260 _c2025
365 _a
365 _b360
856 _uhttp://www.taylorfrancis.com/books/9781003320876
942 _cEBOOK
999 _c1729926
_d1729926